000
00288nam a22001337a 4500
008
170929b xxu||||| |||| 00| 0 eng d
020
_a
2900131584166
041
_a
eng
080
_a
37
100
_a
47
101
_a
EDU
245
_a
TEACHING WRITING
_c
TAMPKINS, G.E
942
_2
udc
_c
BK
999
_c
30657
_d
30657